KOHA-Header-6

PIC Microcontroller and Embedded Systems (Record no. 9359)

000 -LEADER
fixed length control field 00288nam a2200109Ia 4500
100 ## - MAIN ENTRY--AUTHOR NAME
Personal name Muhammad Ali Mazidi
245 #0 - TITLE STATEMENT
Title PIC Microcontroller and Embedded Systems
260 ## - PUBLICATION, DISTRIBUTION, ETC. (IMPRINT)
Place of publication India
Name of publisher Tata McGraw Hill
Year of publication 2001
300 ## - PHYSICAL DESCRIPTION
Number of Pages 2004
942 ## - ADDED ENTRY ELEMENTS (KOHA)
Koha item type Books
Holdings
Withdrawn status Lost status Collection code Permanent Location Current Location Shelving location Date acquired Full call number Accession Number Koha item type
    Electrical Engineering Computing and Engineering Library Block-D Computing and Engineering Library Block-D Shelf No.B25 2019-09-14 324.0243 5004 Electrical Engineering

Powered by Koha